<?xml version="1.0" encoding="UTF-8"?><?xml-stylesheet type="text/xsl" href="static/style.xsl"?><OAI-PMH xmlns="http://www.openarchives.org/OAI/2.0/" xmlns:xsi="http://www.w3.org/2001/XMLSchema-instance" xsi:schemaLocation="http://www.openarchives.org/OAI/2.0/ http://www.openarchives.org/OAI/2.0/OAI-PMH.xsd"><responseDate>2026-04-14T06:59:53Z</responseDate><request verb="GetRecord" identifier="oai:www.recercat.cat:2072/378229" metadataPrefix="marc">https://recercat.cat/oai/request</request><GetRecord><record><header><identifier>oai:recercat.cat:2072/378229</identifier><datestamp>2026-04-10T19:53:20Z</datestamp><setSpec>com_2072_98</setSpec><setSpec>col_2072_378192</setSpec></header><metadata><record xmlns="http://www.loc.gov/MARC21/slim" xmlns:dcterms="http://purl.org/dc/terms/" xmlns:xsi="http://www.w3.org/2001/XMLSchema-instance" xmlns:doc="http://www.lyncode.com/xoai" xsi:schemaLocation="http://www.loc.gov/MARC21/slim http://www.loc.gov/standards/marcxml/schema/MARC21slim.xsd">
   <leader>00925njm 22002777a 4500</leader>
   <datafield ind2=" " ind1=" " tag="042">
      <subfield code="a">dc</subfield>
   </datafield>
   <datafield ind2=" " ind1=" " tag="720">
      <subfield code="a">Álvarez Figueroa, Oneida</subfield>
      <subfield code="e">author</subfield>
   </datafield>
   <datafield ind2=" " ind1=" " tag="260">
      <subfield code="c">1997</subfield>
   </datafield>
   <datafield ind2=" " ind1=" " tag="520">
      <subfield code="a">La estrategia cubana de desarrollo ha concedido especial atención al sistema educativo como uno de los ejes para lograr la modernización de la estructura económica, reduciendo las desigualdades sociales. Desde esta perspectiva, el presente artículo ofrece un panorama general del sistema educativo, comenzando por un análisis histórico en el que se trata de la etapa colonial española, del impacto de la ocupación norteamericana, de la etapa prerrevolucionaria y del desarrollo de la educación a partir de 1959, poniendo mayor énfasis en el análisis del sistema educativo cubano durante la presente década. Para hacerlo, se estructura el trabajo en tres partes que analizan las características y retos principales de la enseñanza básica, media y superior respectivamente. Se presentan los principios del sistema, su estructura, organización, niveles logrados en los principales índices valorativos del sector y su dinámica, y se intenta señalar los principales nudos gordianos en la perspectiva del cercano siglo XXI.</subfield>
   </datafield>
   <datafield ind2=" " ind1=" " tag="520">
      <subfield code="a">Cuban development strategy has centred in the educational system, in order to modernize the economic structure and reduce social inequalities. The article examines the historical evolution of Cuban educational system from Spanish colonization, the 1959 revolution to the present decade. It analizes the main aspects of primary, secondary and higher education, as well as the most important endeavour towards xxith Century.</subfield>
   </datafield>
   <datafield tag="653" ind2=" " ind1=" ">
      <subfield code="a">Educación</subfield>
   </datafield>
   <datafield tag="653" ind2=" " ind1=" ">
      <subfield code="a">Sistema educativo</subfield>
   </datafield>
   <datafield tag="653" ind2=" " ind1=" ">
      <subfield code="a">Escuelas</subfield>
   </datafield>
   <datafield tag="653" ind2=" " ind1=" ">
      <subfield code="a">Universidad</subfield>
   </datafield>
   <datafield tag="653" ind2=" " ind1=" ">
      <subfield code="a">Personal docente</subfield>
   </datafield>
   <datafield tag="653" ind2=" " ind1=" ">
      <subfield code="a">Tasa de escolaridad</subfield>
   </datafield>
   <datafield tag="653" ind2=" " ind1=" ">
      <subfield code="a">Presupuesto educacional</subfield>
   </datafield>
   <datafield tag="653" ind2=" " ind1=" ">
      <subfield code="a">Enseñanza básica</subfield>
   </datafield>
   <datafield tag="653" ind2=" " ind1=" ">
      <subfield code="a">Alumnos</subfield>
   </datafield>
   <datafield tag="653" ind2=" " ind1=" ">
      <subfield code="a">Planes de estudios</subfield>
   </datafield>
   <datafield tag="653" ind2=" " ind1=" ">
      <subfield code="a">Education</subfield>
   </datafield>
   <datafield tag="653" ind2=" " ind1=" ">
      <subfield code="a">Educational system</subfield>
   </datafield>
   <datafield tag="653" ind2=" " ind1=" ">
      <subfield code="a">Levels of education</subfield>
   </datafield>
   <datafield ind2="0" ind1="0" tag="245">
      <subfield code="a">El sistema educativo cubano en los noventa</subfield>
   </datafield>
</record></metadata></record></GetRecord></OAI-PMH>